| 000 | 01629 a2200253 4500 | ||
|---|---|---|---|
| 001 | 45860 | ||
| 005 | 20260407155730.0 | ||
| 008 | 260407a2008 arg spa d | ||
| 003 | AR-UNSa-BCEJYS | ||
| 040 |
_aAR-UNSa-BCEJYS _bspa _cAR-UNSa-BCEJYS |
||
| 080 |
_a331-053.2 _xTrabajo Infantil |
||
| 245 | 1 | 0 |
_aTrabajo infantil y adolescente en cifras _psegunda encuesta: síntesis de resultado de la provincia de Córdoba |
| 264 | 1 |
_aBuenos Aires : _bMinisterio de Trabajo y Seguridad Social _c2008 |
|
| 300 |
_a63 p. _c24 cm. |
||
| 505 | _a1. Características generales de la EANNA – 2. Incidencia del trabajo infantil y otras actividades económicas – 3. Perfil ocupacional – 4. Características educativas – 5. Niños y adolescentes respondentes – 6. Incidencia del trabajo infantil y otras actividades económicas – 7. Perfil ocupacional. Niños de 5 a 13 años – 8. Características educativas. Niños de 5 a 13 años – 9. Incidencia del trabajo adolescente y otras actividades económicas – 10. Perfil ocupacional. Jóvenes de 14 a 17 años – 11. Características educativas jóvenes de 14 a 17 años – 12. Incidencia del trabajo infantil y perfil ocupacional en las subregiones. | ||
| 041 | _aspa | ||
| 942 | _cBK | ||
| 590 | _aniveau_biblio:m niveau_hierar:0 | ||
| 100 | 1 | _aOrganización Internacional del Trabajo (OIT) | |
| 700 | 1 | _aArgentina. Ministerio de Trabajo, Empleo y Seguridad Social | |
| 700 | 1 | _aUNICEF | |
| 700 | 1 | _aPrograma de las Naciones Unidas para el Desarrollo (PNUD) | |
| 856 | 4 | 1 |
_uhttps://www.biblioeco.unsa.edu.ar/pmb/images/libros/L127203.jpg _yImagen de portada _qimage/jpeg |
| 999 |
_c4032 _d4032 |
||